A guide to Amos / (Record no. 8596)
[ view plain ]
| 000 -LEADER | |
|---|---|
| fixed length control field | 00650nam a22002177a 4500 |
| 003 - CONTROL NUMBER IDENTIFIER | |
| control field | GBCCL |
| 005 - DATE AND TIME OF LATEST TRANSACTION | |
| control field | 20241126110654.0 |
| 008 - FIXED-LENGTH DATA ELEMENTS--GENERAL INFORMATION | |
| fixed length control field | 210419b ||||| |||| 00| 0 eng d |
| 020 ## - INTERNATIONAL STANDARD BOOK NUMBER | |
| International Standard Book Number | 9780281027330 |
| 040 ## - CATALOGING SOURCE | |
| Transcribing agency | GBC |
| 082 ## - DEWEY DECIMAL CLASSIFICATION NUMBER | |
| Classification number | 224.806 |
| Item number | THO |
| 100 ## - MAIN ENTRY--PERSONAL NAME | |
| Personal name | Thorogood, Bernard |
| 9 (RLIN) | 15161 |
| 245 ## - TITLE STATEMENT | |
| Title | A guide to Amos / |
| Statement of responsibility, etc. | Bernard Thorogood. |
| 260 ## - PUBLICATION, DISTRIBUTION, ETC. | |
| Place of publication, distribution, etc. | London : |
| Name of publisher, distributor, etc. | S.P.C.K., |
| Date of publication, distribution, etc. | ©1991. |
| 300 ## - PHYSICAL DESCRIPTION | |
| Extent | x, 118 pages : illustrations ; |
| Dimensions | 22 cm. |
| 440 ## - SERIES STATEMENT/ADDED ENTRY--TITLE | |
| Title | SPCK international study guide, 4. |
| 9 (RLIN) | 15162 |
| 650 ## - SUBJECT ADDED ENTRY--TOPICAL TERM | |
| Topical term or geographic name entry element | Bible. |
| Form subdivision | Amos |
| General subdivision | Study and teaching. |
| 9 (RLIN) | 15163 |
| 650 ## - SUBJECT ADDED ENTRY--TOPICAL TERM | |
| Topical term or geographic name entry element | Bible. |
| Form subdivision | Amos. |
| 9 (RLIN) | 13732 |
| 650 ## - SUBJECT ADDED ENTRY--TOPICAL TERM | |
| Topical term or geographic name entry element | Education. |
| 9 (RLIN) | 1195 |
| 942 ## - ADDED ENTRY ELEMENTS (KOHA) | |
| Source of classification or shelving scheme | Dewey Decimal Classification |
| Koha item type | Books |
| Koha issues (borrowed), all copies | 12 |
| Withdrawn status | Lost status | Source of classification or shelving scheme | Damaged status | Not for loan | Home library | Current Library | Shelving location | Date acquired | Total checkouts | Full call number | Barcode | Date last seen | Date last checked out | Copy number | Price effective from | Koha item type |
|---|---|---|---|---|---|---|---|---|---|---|---|---|---|---|---|---|
| Dewey Decimal Classification | GRACE BIBLE COLLEGE | GRACE BIBLE COLLEGE | Biblical Studies | 2021-04-19 | 15 | 224.806 THO | 020249 | 2025-05-01 | 2025-03-06 | c.1 | 2021-04-19 | Books |